000 00528nam a2200193Ia 4500
003 GCL
008 140319s9999 xx 000 0 ara d
040 _aGCL /
_cGCL
082 0 4 _a133.54
_bر ا
100 1 _aراجى عنايت
245 1 0 _aاغرب من الخيال: تفسير الاحلام والتنجيم /
_cراجى عنايت
300 _a121 ص
490 _a
650 0 4 _aالتنجيم
650 0 4 _aقراءة الكف
650 0 4 _aالدجل
650 0 4 _aالفلك, النجوم
942 _2ddc
_cBK
999 _c38784
_d38784